Logo Biblioteca

Todos los soles mienten / (Registro nro. 410)

Detalles MARC
000 -LEADER
fixed length control field 00678nam a22002297a 4500
003 - CONTROL NUMBER IDENTIFIER
control field OSt
005 - DATE AND TIME OF LATEST TRANSACTION
control field 20250909144300.0
008 - FIXED-LENGTH DATA ELEMENTS--GENERAL INFORMATION
fixed length control field 241213s2009 ag ||||| |||| 00| 0 spa d
020 ## - INTERNATIONAL STANDARD BOOK NUMBER
International Standard Book Number 9789505114627
040 ## - CATALOGING SOURCE
Transcribing agency besoc
080 ## - UNIVERSAL DECIMAL CLASSIFICATION NUMBER
Authority record control number or standard number 82-32(82)
100 1# - MAIN ENTRY--PERSONAL NAME
Personal name Valentino, Esteban,
Dates associated with a name 1956-
Relator term autor
245 10 - TITLE STATEMENT
Title Todos los soles mienten /
Statement of responsibility, etc. Esteban valentino ; ilustración de cubierta, Edgardo Carosia.
250 ## - EDITION STATEMENT
Edition statement 1a ed. 10 reimp.
260 ## - PUBLICATION, DISTRIBUTION, ETC.
Place of publication, distribution, etc. Buen Aires :
Name of publisher, distributor, etc. Alfaguara,
Date of publication, distribution, etc. 2009.
300 ## - PHYSICAL DESCRIPTION
Extent 120 p. ;
Dimensions 22 cm.
490 0# - SERIES STATEMENT
Series statement Alfaguara Juvenil
650 #4 - SUBJECT ADDED ENTRY--TOPICAL TERM
Topical term or geographic name entry element Literatura argentina
General subdivision Novela
Chronological subdivision Siglo XXI
655 #4 - INDEX TERM--GENRE/FORM
Genre/form data or focus term Novela
700 0# - ADDED ENTRY--PERSONAL NAME
Personal name ED,
Dates associated with a name 1971-
Relator term ilustrador
942 ## - ADDED ENTRY ELEMENTS (KOHA)
Source of classification or shelving scheme Universal Decimal Classification
Koha item type Obra General
Suppress in OPAC No
Existencias
Withdrawn status Lost status Source of classification or shelving scheme Damaged status Not for loan Collection Home library Current library Date acquired Total checkouts Barcode Date last seen Price effective from Koha item type
    Universal Decimal Classification     Colección General Biblioteca Escuela de Ciencias Sociales Biblioteca Escuela de Ciencias Sociales 13/12/2024   001316 13/12/2024 13/12/2024 Obra General
Biblioteca de la Escuela Preuniversitaria en Ciencias Sociales y Humanísticas.
Riobamba 250 bis.
CP 2000 - Rosario - Santa Fe
E-Mail: biblioteca@esociales.unr.edu.ar